| 000 | 00450nam a2200181Ia 4500 | ||
|---|---|---|---|
| 005 | 20240322115049.0 | ||
| 008 | 131103s9999 xx 000 0 und d | ||
| 040 | _aLoreto College | ||
| 041 | _aEnglish | ||
| 082 |
_a150 _bSHI |
||
| 100 | _aShinn,George | ||
| 245 | 4 |
_aThe Miracle of Motivation _cGeorge Shinn |
|
| 260 |
_aBombay _bBetter Yourself Books _c1985 |
||
| 300 | _a247p. | ||
| 650 | _aPsychology | ||
| 850 | _aLCBED | ||
| 942 | _cBK | ||
| 999 |
_c34562 _d85041 |
||